Sports Quiz

Random Sports or NFL Quiz

NFL Most 300 Yard Passing Games Quiz Stats

 Plays Quiz Updated Jan 4, 2019

Challenge
Share
Tweet
Embed
Score 0/31 Timer 07:00
5 Plays Today
300+ Yard Games Player % Correct
50Eli Manning
98.3%
62Brett Favre
95.7%
93Peyton Manning
95%
87Tom Brady
93.7%
63Dan Marino
92.9%
115Drew Brees
88.6%
28Steve Young
81.4%
61Ben Roethlisberger
80.7%
62Philip Rivers
80.3%
36John Elway
77.9%
52Kurt Warner
76.3%
53Matt Ryan
72.2%
37Drew Bledsoe
71.3%
42Matthew Stafford
70.2%
49Warren Moon
64.9%
29Boomer Esiason
64.4%
300+ Yard Games Player % Correct
39Joe Montana
64.1%
32Joe Flacco
63.2%
52Carson Palmer
61.6%
46Tony Romo
60.7%
30Donovan McNabb
59.2%
56Aaron Rodgers
59.2%
27Jay Cutler
56.5%
33Andrew Luck
51.7%
51Dan Fouts
48%
31Kerry Collins
42.6%
28Kirk Cousins
42.3%
30Vinny Testaverde
41.8%
30Trent Green
33.7%
27Marc Bulger
31.3%
28Matt Schaub
19.8%

You're not logged in!

Compare scores with friends on all Sporcle quizzes.
OR
Log In

You Might Also Like...

Show Comments

Extras

Top Quizzes Today


Score Distribution

Your Account Isn't Verified!

In order to create a playlist on Sporcle, you need to verify the email address you used during registration. Go to your Sporcle Settings to finish the process.

Report this User

Report this user for behavior that violates our Community Guidelines.

Details: